Statystyki dla Największe miasta w Polsce (populacja)

Kliknij tutaj aby rozwiązać quiz!

Ogólne statystyki

  • Ten quiz został rozwiązany 39 razy
  • Średni wynik to 9 z 10

Statystyki odpowiedzi

HintOdpowiedź% Poprawnych
803 283Kraków
100%
1 861 975Warszawa
100%
486 345Gdańsk
97%
658 444Łódź
97%
391 566Szczecin
95%
675 079Wrocław
95%
541 316Poznań
92%
330 038Bydgoszcz
86%
331 243Lublin
84%
292 600Białystok
81%

Rozkład punktacji

Percentyl według liczby udzielonych odpowiedzi

Procent ludzi z każdym wynikiem

Twoja historia wyników

Nie rozwiązałeś tego quizu